000 01261aam a2200325 i 4500
001 768714001
003 CO-MdFUSB
005 20231026152632.0
007 ta
008 231018t20082008spa||||g |||| 00| 0 spa d
020 _a9788483193556
040 _aCO-MdFUSB
_bspa
_cCO-MdFUSB
_dCO-MdFUSBC
_erda
041 _aspa
082 _223
_a211.8
_bM364
100 _aMarset, Joan Carles,
_eautor
245 _aAteísmo y laicidad
_c/ Joan Carles Marset
264 1 _aMadrid, España :
_bCatarata,
_c[2008]
264 4 _c©2008
300 _a174 páginas
_c; 21 cm
336 _2rdacontent
_atexto
_btxt
337 _2rdamedia
_asin mediación
_bn
338 _2rdacarrier
_avolumen
_bnc
504 _aIncluye índice y bibliografía
505 _aAteísmo y laicidad -- La construcción Europea y la laicidad necesaria -- Las posiciones ateas, agnósticas y laicista ante la educación y la secularización de la sociedad -- Sociedad plural y laicidad -- Un papa del pasado, con ademanes modernos -- ¿Libertad de religión o libertad de conciencia? -- Apostasía, el derecho a abandonar la religión -- La laicidad en tiempos de zapatero.
563 _aRústico.
650 7 _97096
_aAteísmo
653 _aLaicidad
942 _cBK
945 _asor1564
999 _c69175
_d69175